[Event "Hoogeveen Amateurs op 25th"]
[Site "Hoogeveen"]
[Date "2022.10.22"]
[Round "7.11"]
[White "Van Eijk, Siem"]
[Black "Kruisselbrink, Jan"]
[Result "1/2-1/2"]
[WhiteElo "1562"]
[BlackElo "1639"]
[PlyCount "27"]
[EventDate "2022.10.15"]
[EventType "swiss"]
[EventRounds "7"]
[EventCountry "NED"]
[SourceTitle "CBM 210 Extra"]
[Source "ChessBase"]
[SourceDate "2022.11.30"]
[SourceVersion "1"]
[SourceVersionDate "2022.11.30"]
[SourceQuality "1"]

1. e4 c5 2. Nf3 Nc6 3. d4 cxd4 4. Nxd4 e5 5. Nb3 Nf6 6. Be3 Be7 7. Nc3 Bb4 8. Bd3 d5 9. Bd2 Bxc3 10. Bxc3 dxe4 11. Bb5 Qc7 12. Qd2 Bg4 13. Bxc6+ bxc6 14. Qg5 1/2-1/2

[Event "Hoogeveen Amateurs op 25th"]
[Site "Hoogeveen"]
[Date "2022.10.21"]
[Round "6.16"]
[White "Namaganda, Christine"]
[Black "Van Eijk, Siem"]
[Result "0-1"]
[WhiteElo "1585"]
[BlackElo "1562"]
[PlyCount "48"]
[EventDate "2022.10.15"]
[EventType "swiss"]
[EventRounds "7"]
[EventCountry "NED"]
[SourceTitle "CBM 210 Extra"]
[Source "ChessBase"]
[SourceDate "2022.11.30"]
[SourceVersion "1"]
[SourceVersionDate "2022.11.30"]
[SourceQuality "1"]

1. d4 d5 2. Bf4 Nf6 3. Nf3 c6 4. c3 Bg4 5. e3 e6 6. Be2 Bd6 7. Bg3 Qc7 8. Nbd2 Nbd7 9. Qb3 0-0 10. Qc2 Bf5 11. Bd3 Bxd3 12. Qxd3 c5 13. Rc1 c4 14. Qb1 Rfe8 15. 0-0 Bxg3 16. fxg3 e5 17. dxe5 Nxe5 18. Nxe5 Qxe5 19. Rce1 Re7 20. Rf5 Qd6 21. Qd1 Rae8 22. Qf3 Qb6 23. Kf2 Qxb2 24. Re2 Qxc3 0-1

[Event "Groningen Harmonie op-B"]
[Site "Groningen"]
[Date "2002.??.??"]
[Round "2.4"]
[White "Pouw, Marcel Andre"]
[Black "Van Eijk, Siem"]
[Result "0-1"]
[WhiteElo "1706"]
[BlackElo "1771"]
[PlyCount "72"]
[EventDate "2002.12.21"]
[EventType "swiss"]
[EventRounds "9"]
[EventCountry "NED"]
[SourceTitle "EXT 2004"]
[Source "ChessBase"]
[SourceDate "2003.11.25"]
[SourceVersion "1"]
[SourceVersionDate "2003.11.25"]
[SourceQuality "1"]

1. d4 d5 2. c4 e6 3. Nc3 Nf6 4. Bg5 c6 5. cxd5 exd5 6. Qc2 Be7 7. e3 h6 8. Bh4 b6 9. Bd3 Nbd7 10. Nf3 Bb7 11. 0-0 0-0 12. Rfd1 Qc7 13. Bg3 Qd8 14. Rac1 Ne8 15. Qb1 Bd6 16. Ne2 Bxg3 17. Nxg3 Nd6 18. b4 b5 19. Nd2 a5 20. a3 a4 21. e4 Nc4 22. Nxc4 dxc4 23. Be2 Nf6 24. Bf3 Qb6 25. Rc2 Rfd8 26. Rcd2 Rd7 27. Qb2 Rad8 28. Nf5 Qc7 29. Qc3 Qf4 30. g3 Nxe4 31. Bxe4 Qxe4 32. Ne3 c5 33. d5 Bxd5 34. Nxd5 Rxd5 35. bxc5 Rxd2 36. Rxd2 Qe1+ 0-1